[Event "DEM U12 2012"]
[Site "Oberhof GER"]
[Date "2012.05.31"]
[Round "8"]
[White "Shevelko, Alexander"]
[Black "Peter, Anton"]
[Result "0-1"]
[Termination "normal"]
[Board "27"]
[WhiteElo "1373"]
[BlackElo "1739"]
[PlyCount "112"]
[WhiteFideId "12952125"]
[BlackFideId "12901660"]
[EventCountry "GER"]
[EventRounds "11"]
[EventType "swiss"]
[EventDate "2012.05.26"]

1. d4 d5 2. c4 c6 3. e3 Nf6 4. Nc3 Bf5 5. Nf3 e6 6. Bd3 Bxd3 7. Qxd3 Nbd7 8.
O-O Bd6 9. b3 O-O 10. Bb2 Qc7 11. Rac1 a6 12. Rfd1 Rfe8 13. cxd5 exd5 14. Qd2
Ne4 15. Qe1 Ndf6 16. h3 Bb4 17. a3 Nxc3 18. Bxc3 Bxa3 19. Ra1 Bd6 20. Bb4 Ne4
21. Bxd6 Nxd6 22. Rdc1 Re6 23. Qa5 Qxa5 24. Rxa5 Nb5 25. Ne5 Re7 26. Nd3 Kf8
27. Ra2 Nd6 28. Nc5 Ne4 29. Nxe4 Rxe4 30. Rcc2 Ke7 31. Kf1 Kd7 32. Ra1 Rae8 33.
b4 Kc7 34. Ra5 Kb6 35. Rc3 f5 36. Raa3 g5 37. f3 R4e7 38. Kf2 f4 39. exf4 gxf4
40. Rc2 Kb5 41. Rb3 Rg8 42. Rc5+ Kb6 43. Rc2 h5 44. h4 Rge8 45. Rbb2 Re3 46.
Re2 Kb5 47. Rec2 Rd3 48. Rd2 Kc4 49. b5 axb5 50. Rdc2+ Rc3 51. Rxc3+ Kxc3 52.
Ra2 b4 53. Ra7 Re7 54. Ra8 b3 55. Rh8 b2 56. Rxh5 b1=Q 0-1

[Event "DEM U12 2012"]
[Site "Oberhof GER"]
[Date "2012.05.31"]
[Round "8"]
[White "Kolchugina, Lada"]
[Black "Kuhn, Magnus"]
[Result "0-1"]
[Termination "normal"]
[Board "28"]
[WhiteElo "1074"]
[BlackElo "1658"]
[PlyCount "88"]
[WhiteFideId "12929743"]
[BlackFideId "12926345"]
[EventCountry "GER"]
[EventRounds "11"]
[EventType "swiss"]
[EventDate "2012.05.26"]

1. e4 e5 2. Nf3 Nc6 3. Nc3 Nf6 4. Bb5 Bb4 5. O-O O-O 6. d3 d6 7. Bg5 Bxc3 8.
bxc3 Qe7 9. d4 exd4 10. cxd4 Bg4 11. h3 Bxf3 12. gxf3 Nd8 13. Re1 Qe6 14. Kh2
h6 15. Bf4 Nh5 16. d5 Qf6 17. Be3 Qe5+ 18. Kh1 f5 19. Qd4 Qxd4 20. Bxd4 fxe4
21. fxe4 Nf7 22. Rg1 Ng5 23. Be2 Nf6 24. h4 Ngxe4 25. Rg2 Rae8 26. Rag1 Re7 27.
Bxa7 b6 28. Bd3 Ra8 29. f3 Nc3 30. Rg6 Kh8 31. Bf5 Rxa7 32. Be6 Ncxd5 33. c4
Nf4 34. Rxf6 gxf6 35. Rg8+ Kh7 36. Rg4 Nxe6 37. Re4 Re8 38. f4 Ng7 39. Rd4 Rxa2
40. Rd1 Ree2 41. Rb1 Nf5 42. Kg1 Ng3 43. Rb2 Raxb2 44. f5 Rg2# 0-1

[Event "DEM U12 2012"]
[Site "Oberhof GER"]
[Date "2012.05.31"]
[Round "8"]
[White "Wachsmann, Dietmar"]
[Black "Abbasov, Amil"]
[Result "0-1"]
[Termination "normal"]
[Board "29"]
[WhiteElo "1405"]
[BlackElo "1716"]
[PlyCount "78"]
[WhiteFideId "12917168"]
[BlackFideId "12930300"]
[EventCountry "GER"]
[EventRounds "11"]
[EventType "swiss"]
[EventDate "2012.05.26"]

1. e4 Nf6 2. Nc3 d5 3. e5 d4 4. exf6 dxc3 5. fxg7 cxd2+ 6. Qxd2 Qxd2+ 7. Bxd2
Bxg7 8. O-O-O O-O 9. Bd3 Be6 10. Kb1 Nc6 11. Nf3 h6 12. Rhg1 a5 13. a3 Rfb8 14.
g4 b5 15. Be4 Ra6 16. Bxc6 Rxc6 17. Bxa5 Rc4 18. g5 h5 19. g6 fxg6 20. Rxg6 Bf5
21. Rxg7+ Kxg7 22. Bc3+ Kf8 23. Rd5 Be4 24. Rxh5 Rxc3 25. bxc3 Kg7 26. Ne5 Rf8
27. Rh4 Bh7 28. Rg4+ Kh6 29. Rb4 c6 30. f4 Ra8 31. Nxc6 Rxa3 32. Rb3 Rxb3+ 33.
Ka2 Rxc3 34. Nxe7 Rxc2+ 35. Kb3 Rxh2 36. Nc6 Bg8+ 37. Kb4 Rb2+ 38. Ka3 Rb3+ 39.
Ka2 Rc3+ 0-1

[Event "DEM U12 2012"]
[Site "Oberhof GER"]
[Date "2012.05.31"]
[Round "8"]
[White "Wächter, Nathalie"]
[Black "Özkan, Afet-Ekin"]
[Result "1-0"]
[Termination "normal"]
[Board "30"]
[WhiteElo "1656"]
[BlackElo "1406"]
[PlyCount "79"]
[WhiteFideId "12921033"]
[BlackFideId "12952117"]
[EventCountry "GER"]
[EventRounds "11"]
[EventType "swiss"]
[EventDate "2012.05.26"]

1. e4 e5 2. Nf3 Nf6 3. Nc3 Nc6 4. Bc4 Bc5 5. d3 d6 6. Bg5 h6 7. Bh4 g5 8. Bg3
Be6 9. Bb3 Bxb3 10. axb3 Qd7 11. Na4 Bb6 12. Nxb6 cxb6 13. Qe2 O-O-O 14. c3 Kb8
15. O-O Qe6 16. b4 Nh5 17. b5 Ne7 18. b4 Nc8 19. c4 Nf4 20. Qc2 Rhg8 21. Ra3 h5
22. h4 gxh4 23. Nxh4 Qg4 24. Nf5 Rh8 25. f3 Qg6 26. Bxf4 exf4 27. Nh4 Qg5 28.
Qf2 Qe5 29. d4 Qf6 30. d5 Rdg8 31. Rc1 Ne7 32. c5 Rc8 33. c6 Rc7 34. Rxa7 Nc8
35. Ra3 bxc6 36. bxc6 Qe7 37. Ra6 Rg8 38. Nf5 Qd8 39. b5 f6 40. Nxd6 1-0

[Event "DEM U12 2012"]
[Site "Oberhof GER"]
[Date "2012.05.31"]
[Round "8"]
[White "Fromm, Katja"]
[Black "Dallinger, Moritz"]
[Result "1/2-1/2"]
[Termination "normal"]
[Board "31"]
[WhiteElo "1367"]
[BlackElo "1547"]
[PlyCount "102"]
[WhiteFideId "12929409"]
[BlackFideId "12910864"]
[EventCountry "GER"]
[EventRounds "11"]
[EventType "swiss"]
[EventDate "2012.05.26"]

1. d4 Nf6 2. c4 e6 3. Nc3 Bb4 4. Bg5 h6 5. Bh4 O-O 6. e3 d6 7. Nf3 Nbd7 8. Be2
b6 9. O-O Bxc3 10. bxc3 Bb7 11. h3 c5 12. Bg3 Qe7 13. a4 Rfd8 14. Nd2 Ne4 15.
Nxe4 Bxe4 16. Bf3 Nf6 17. Bh4 g5 18. Bg3 d5 19. cxd5 Bxd5 20. Be5 Rac8 21. Bxd5
Nxd5 22. c4 Nf6 23. Qf3 Nd7 24. Bh2 cxd4 25. exd4 Qf6 26. Qxf6 Nxf6 27. Be5 Nd7
28. Rfc1 Nxe5 29. dxe5 Rd4 30. a5 Rdxc4 31. Rxc4 Rxc4 32. axb6 axb6 33. Rb1 Rc5
34. Rxb6 Rxe5 35. g3 Kg7 36. Kg2 h5 37. Rb8 Re1 38. Rb5 Kf6 39. Rb8 Re5 40. Rg8
Rf5 41. f3 Rd5 42. h4 Rd2+ 43. Kh3 Rd5 44. Rh8 Rf5 45. Rxh5 gxh4 46. Rxf5+ Kxf5
47. Kxh4 e5 48. Kh5 e4 49. fxe4+ Kxe4 50. g4 Kf4 51. Kh4 Ke5 1/2-1/2

[Event "DEM U12 2012"]
[Site "Oberhof GER"]
[Date "2012.05.31"]
[Round "8"]
[White "Usczeck, Alina"]
[Black "Hesse, Henrik"]
[Result "0-1"]
[Termination "normal"]
[Board "32"]
[WhiteElo "1255"]
[BlackElo "1489"]
[PlyCount "88"]
[WhiteFideId "12938114"]
[BlackFideId "12952060"]
[EventCountry "GER"]
[EventRounds "11"]
[EventType "swiss"]
[EventDate "2012.05.26"]

1. e4 e5 2. Nf3 Nf6 3. Nxe5 d6 4. Nf3 Nxe4 5. Qe2 Qe7 6. d3 Nc5 7. Nc3 Bg4 8.
Be3 c6 9. O-O-O Nbd7 10. h3 Be6 11. Nd4 O-O-O 12. Nxe6 fxe6 13. Qg4 b6 14. Be2
Qf7 15. Bf3 Ne5 16. Qg3 Nxf3 17. gxf3 Nb7 18. Rhe1 Be7 19. Ne2 Rhf8 20. Nd4 Kd7
21. Bd2 Nc5 22. Qg4 h5 23. Qg2 e5 24. Ne2 Qxf3 25. Qxg7 Qxf2 26. Ng3 Rg8 27.
Nh1 Qxd2+ 28. Rxd2 Rxg7 29. Rde2 Ne6 30. Rf1 Rdg8 31. Nf2 Rg1 32. Ree1 Rxf1 33.
Rxf1 Rf8 34. Kd2 Bh4 35. Ke1 Bxf2+ 36. Rxf2 Rxf2 37. Kxf2 Nf4 38. h4 Ke6 39.
Kf3 Kf5 40. c3 d5 41. d4 e4+ 42. Kg3 e3 43. Kf3 e2 44. Kf2 Kg4 0-1

[Event "DEM U12 2012"]
[Site "Oberhof GER"]
[Date "2012.05.31"]
[Round "8"]
[White "Reimers, Kim"]
[Black "Wallat, Jessica"]
[Result "0-1"]
[Termination "normal"]
[Board "33"]
[WhiteElo "1473"]
[BlackElo "1596"]
[PlyCount "66"]
[WhiteFideId "12930377"]
[BlackFideId "12909637"]
[EventCountry "GER"]
[EventRounds "11"]
[EventType "swiss"]
[EventDate "2012.05.26"]

1. e4 e5 2. Nf3 Nc6 3. Bb5 a6 4. Ba4 b5 5. Bb3 Be7 6. O-O Nf6 7. Re1 O-O 8. c3
d6 9. d4 Bg4 10. h3 Bxf3 11. Qxf3 exd4 12. e5 Nxe5 13. Qe2 dxc3 14. Nxc3 c5 15.
Nd5 c4 16. Nxe7+ Qxe7 17. Bc2 Rfe8 18. Bf4 Rad8 19. Rad1 Qc7 20. Qd2 h6 21. a3
a5 22. Bf5 Nd3 23. Rxe8+ Rxe8 24. Bxd3 cxd3 25. Qxd3 Ne4 26. Qxb5 Rb8 27. Qd5
Qc2 28. Be3 Rxb2 29. Qd4 Nc3 30. Rc1 Ne2+ 31. Kh2 Nxd4 32. Rxc2 Nxc2 33. Bb6
Rxb6 0-1

[Event "DEM U12 2012"]
[Site "Oberhof GER"]
[Date "2012.05.31"]
[Round "8"]
[White "Simon, Tessa"]
[Black "Ley, Sabrina"]
[Result "1-0"]
[Termination "normal"]
[Board "34"]
[WhiteElo "1438"]
[BlackElo "1334"]
[PlyCount "167"]
[WhiteFideId "12929395"]
[BlackFideId "12938130"]
[EventCountry "GER"]
[EventRounds "11"]
[EventType "swiss"]
[EventDate "2012.05.26"]

1. e4 e6 2. d4 d5 3. Nc3 Nf6 4. Bg5 Bb4 5. e5 h6 6. Bxf6 gxf6 7. Nf3 c5 8. Be2
Nc6 9. Bb5 Bd7 10. exf6 Qxf6 11. Bxc6 Bxc6 12. Qd3 O-O-O 13. O-O-O Rhg8 14.
Rhg1 Qe7 15. Kb1 Qc7 16. Ne5 Rg7 17. a3 c4 18. Qe3 Bd6 19. Nxc6 Qxc6 20. Qxh6
Rdg8 21. g3 Qb6 22. Na4 Qb5 23. Nc3 Qb6 24. Kc1 Qc7 25. Nb5 Qb6 26. Nxd6+ Qxd6
27. Qe3 Rg4 28. f3 R4g7 29. Qf2 Qe7 30. Qd2 Qd6 31. Rde1 Qe7 32. Qe3 Qf6 33.
Qe5 Qh6+ 34. Qe3 Qxh2 35. g4 Qh4 36. Rh1 Qf6 37. Qc3 Qf4+ 38. Kb1 Rg6 39. Rc1
Kd7 40. b3 b5 41. Qa5 Qxd4 42. Qxb5+ Ke7 43. Rh7 R6g7 44. Rch1 Kf6 45. R7h6+
Ke5 46. bxc4 Qxc4 47. Qb2+ Kd6 48. Ka1 Rg6 49. Rh7 Qe2 50. Qb4+ Kc6 51. Rxf7
Qe5+ 52. c3 Rb8 53. Qa4+ Rb5 54. Qc2 Rg8 55. Rc1 Rgb8 56. Rxa7 Kd6 57. Ra6+ Ke7
58. Qh7+ Kd8 59. Qg8+ Kc7 60. Qf7+ Kd8 61. Rc6 R5b7 62. Qxe6 Qxe6 63. Rxe6 Kd7
64. Ra6 Rf8 65. Rf1 Rf4 66. Rh1 Ke8 67. Rh8+ Rf8 68. Rxf8+ Kxf8 69. Rf6+ Kg7
70. Rf5 Rd7 71. Kb2 Kg6 72. Kb3 Rb7+ 73. Ka2 Rd7 74. a4 Rd6 75. Ka3 Rd7 76. a5
Rd6 77. Ka4 Kg7 78. Kb5 Kg6 79. a6 Rd8 80. a7 Kg7 81. Rf4 Kg6 82. Ra4 Ra8 83.
Kb6 Kf6 84. Kb7 1-0

[Event "DEM U12 2012"]
[Site "Oberhof GER"]
[Date "2012.05.31"]
[Round "8"]
[White "Lai Hop, Long"]
[Black "Müller, Sophie"]
[Result "1/2-1/2"]
[Termination "normal"]
[Board "35"]
[WhiteElo "1331"]
[BlackElo "1435"]
[PlyCount "92"]
[WhiteFideId "12942707"]
[BlackFideId "12926698"]
[EventCountry "GER"]
[EventRounds "11"]
[EventType "swiss"]
[EventDate "2012.05.26"]

1. e4 e6 2. d4 d5 3. exd5 exd5 4. Bd3 Nf6 5. Ne2 Bd6 6. O-O O-O 7. Bg5 Bxh2+ 8.
Kxh2 Ng4+ 9. Kg1 Qxg5 10. Qd2 Qxd2 11. Nxd2 Nf6 12. Rfe1 Nc6 13. c3 Bd7 14. Ng3
Rfe8 15. Nf3 Rxe1+ 16. Rxe1 Re8 17. Rxe8+ Bxe8 18. Bf5 Bd7 19. Bxd7 Nxd7 20.
Kf1 Kf8 21. Ke2 Ke7 22. Ke3 f6 23. Nf5+ Kf7 24. N3h4 Ne7 25. Nxe7 Kxe7 26. f4
g5 27. Nf3 h6 28. fxg5 fxg5 29. g4 Nf6 30. Ne5 Ke6 31. Kf3 Ne4 32. Ke3 Nd6 33.
Kd3 Nf7 34. Nf3 Kf6 35. Ke3 b6 36. b3 c5 37. c4 dxc4 38. bxc4 cxd4+ 39. Kxd4
Kg6 40. Kd5 h5 41. gxh5+ Kxh5 42. Nxg5 Kxg5 43. c5 Nd8 44. c6 Nxc6 45. Kxc6 Kf4
46. a4 Ke5 1/2-1/2

[Event "DEM U12 2012"]
[Site "Oberhof GER"]
[Date "2012.05.31"]
[Round "8"]
[White "Heldt, Nils-Lennart"]
[Black "Schamber, Dennis"]
[Result "1/2-1/2"]
[Termination "normal"]
[Board "36"]
[WhiteElo "1408"]
[BlackElo "1108"]
[PlyCount "43"]
[WhiteFideId "12952109"]
[BlackFideId "12952176"]
[EventCountry "GER"]
[EventRounds "11"]
[EventType "swiss"]
[EventDate "2012.05.26"]

1. d4 Nf6 2. g3 g6 3. Bg2 Bg7 4. e4 d6 5. Nc3 O-O 6. Nge2 Nbd7 7. h3 e5 8. Be3
exd4 9. Bxd4 c5 10. Be3 Ne5 11. Rb1 Qc7 12. O-O a6 13. g4 Be6 14. f4 Nc4 15.
Bf2 Rad8 16. Qd3 Nb6 17. Bg3 Bc4 18. Qd2 Bxe2 19. Qxe2 Rd7 20. Qf3 Rfd8 21. f5
Nc4 22. Rfd1 1/2-1/2

[Event "DEM U12 2012"]
[Site "Oberhof GER"]
[Date "2012.05.31"]
[Round "8"]
[White "Sauer, Annika"]
[Black "Steffens, Oliver"]
[Result "0-1"]
[Termination "normal"]
[Board "37"]
[WhiteElo "1501"]
[BlackElo "1262"]
[PlyCount "190"]
[WhiteFideId "12952052"]
[BlackFideId "12947148"]
[EventCountry "GER"]
[EventRounds "11"]
[EventType "swiss"]
[EventDate "2012.05.26"]

1. d4 d5 2. Nf3 e6 3. e3 Nf6 4. Bd3 c5 5. b3 Nc6 6. Bb2 Bd6 7. Nbd2 cxd4 8.
exd4 O-O 9. O-O Qc7 10. Re1 Bd7 11. c4 Nb4 12. Bf1 b6 13. a3 Nc6 14. Ne5 Ne7
15. Rc1 Qb7 16. Bd3 Rac8 17. Ndf3 Rfd8 18. Ng5 Be8 19. Qf3 h6 20. Nh3 Bc6 21.
Nxc6 Rxc6 22. Nf4 Qc7 23. Nh5 Bxh2+ 24. Kh1 Nxh5 25. Qxh5 Bf4 26. Rcd1 Bg5 27.
Bc1 Bxc1 28. Rxc1 Qf4 29. Rcd1 dxc4 30. Re4 Qf6 31. Bxc4 Nd5 32. Rde1 Nf4 33.
Qg4 Rxd4 34. Qf3 Rcd6 35. g3 Nd5 36. Qxf6 Nxf6 37. Rxd4 Rxd4 38. Kg2 Nd5 39.
Rc1 g6 40. Bxd5 Rxd5 41. Rc8+ Kg7 42. Rc7 Ra5 43. a4 b5 44. axb5 Rxb5 45. Rxa7
Rxb3 46. Kh3 g5 47. Kg4 Kg6 48. Kh3 h5 49. Ra5 f6 50. Kg2 g4 51. Ra6 e5 52. Rc6
Rb2 53. Kg1 Kg5 54. Rc5 Rb6 55. Rc8 Rb7 56. Rg8+ Kh6 57. Rh8+ Rh7 58. Rf8 Kg5
59. Rg8+ Kf5 60. Kg2 h4 61. gxh4 Rxh4 62. Rf8 Rh6 63. Rg8 Kf4 64. Rg7 f5 65.
Rb7 Rd6 66. Rb4+ Rd4 67. Rb3 e4 68. Re3 Rd3 69. Re1 e3 70. fxe3+ Rxe3 71. Rf1+
Ke4 72. Ra1 f4 73. Ra4+ Kf5 74. Ra5+ Re5 75. Ra4 Kg5 76. Rb4 Re2+ 77. Kf1 f3
78. Rb5+ Kf4 79. Rb4+ Kg3 80. Rb3 Rh2 81. Ke1 Kg2 82. Rb2+ Kg1 83. Rb4 f2+ 84.
Kd2 f1=Q+ 85. Ke3 Qe1+ 86. Kf4 Qxb4+ 87. Ke5 Rh5+ 88. Kf6 Qd6+ 89. Kg7 Qh6+ 90.
Kf7 Rf5+ 91. Ke7 Qf6+ 92. Kd7 Rd5+ 93. Kc7 Qd6+ 94. Kb7 Rb5+ 95. Ka7 Qa3# 0-1

[Event "DEM U12 2012"]
[Site "Oberhof GER"]
[Date "2012.05.31"]
[Round "8"]
[White "Denkert, Anna"]
[Black "Edelmann, Jonas"]
[Result "1-0"]
[Termination "normal"]
[Board "38"]
[WhiteElo "1519"]
[BlackElo "1289"]
[PlyCount "63"]
[WhiteFideId "12938122"]
[EventCountry "GER"]
[EventRounds "11"]
[EventType "swiss"]
[EventDate "2012.05.26"]

1. e4 c5 2. Nc3 e6 3. f4 d6 4. Nf3 Nc6 5. Bb5 Bd7 6. O-O Qc7 7. d3 a6 8. Bxc6
Bxc6 9. Qe1 Be7 10. Qg3 g6 11. Be3 b5 12. f5 Nf6 13. fxe6 fxe6 14. Ng5 Bd7 15.
Qf3 Rf8 16. Qe2 O-O-O 17. Rf2 h6 18. Nh3 g5 19. d4 c4 20. d5 e5 21. Raf1 Nh7
22. Rf7 Rxf7 23. Rxf7 Bxh3 24. gxh3 Nf6 25. Qf2 Ng8 26. Bb6 Qd7 27. Bxd8 Qxd8
28. Qf5+ Kb8 29. Qe6 Qb6+ 30. Kg2 Qe3 31. Rf3 Qd2+ 32. Rf2 1-0

[Event "DEM U12 2012"]
[Site "Oberhof GER"]
[Date "2012.05.31"]
[Round "8"]
[White "Gericke, Nicholas"]
[Black "Junk, Phillip"]
[Result "0-1"]
[Termination "normal"]
[Board "39"]
[WhiteElo "1188"]
[BlackElo "1443"]
[PlyCount "90"]
[WhiteFideId "12952141"]
[BlackFideId "12952095"]
[EventCountry "GER"]
[EventRounds "11"]
[EventType "swiss"]
[EventDate "2012.05.26"]

1. c4 e5 2. Nc3 Nf6 3. Nf3 Nc6 4. e3 Bb4 5. Nd5 a5 6. a3 Bc5 7. d4 Bd6 8. g3
exd4 9. exd4 Nxd5 10. cxd5 Ne7 11. Ng5 Nxd5 12. Qf3 Qe7+ 13. Be2 Nf6 14. Qe3
Qxe3 15. Bxe3 h6 16. Nf3 c6 17. O-O O-O 18. Bc4 Bc7 19. Rfe1 d5 20. Bf1 Bg4 21.
Bg2 Rfe8 22. Rac1 Rac8 23. Kf1 Bb6 24. h3 Bf5 25. Nh4 Bd3+ 26. Kg1 a4 27. Bf1
Bxf1 28. Kxf1 Re6 29. Nf5 Rce8 30. Rcd1 Ne4 31. Kg2 Nd6 32. Nxd6 Rxd6 33. Kf1
Rde6 34. Rc1 Kh7 35. h4 f5 36. Rcd1 Ba5 37. Re2 Bb6 38. Ree1 Kg6 39. Kg2 Re4
40. Kf1 Kh5 41. Re2 g5 42. hxg5 hxg5 43. Kg2 Bxd4 44. Rh1+ Kg6 45. Bxd4 Rxe2
0-1

[Event "DEM U12 2012"]
[Site "Oberhof GER"]
[Date "2012.05.31"]
[Round "8"]
[White "Riegel, Arinna"]
[Black "Killgus, Leonard"]
[Result "0-1"]
[Termination "normal"]
[Board "40"]
[WhiteElo "1161"]
[BlackElo "1374"]
[PlyCount "102"]
[WhiteFideId "12931446"]
[BlackFideId "12922021"]
[EventCountry "GER"]
[EventRounds "11"]
[EventType "swiss"]
[EventDate "2012.05.26"]

1. e4 e5 2. Nf3 Nc6 3. d4 exd4 4. Nxd4 Nf6 5. Nc3 Bb4 6. Nxc6 bxc6 7. Bd3 O-O
8. O-O d5 9. exd5 cxd5 10. Bg5 c6 11. Qf3 Be7 12. Rfe1 Re8 13. Qg3 Be6 14. Qh4
h6 15. Bd2 Ne4 16. Qf4 Bg5 17. Qf3 Nxd2 18. Qg3 Nc4 19. Rab1 Qb8 20. Bxc4 Qxg3
21. hxg3 dxc4 22. Rbd1 Red8 23. a3 Rxd1 24. Rxd1 Rb8 25. Rb1 Bf5 26. f4 Be7 27.
Rc1 Rxb2 28. a4 Rxc2 29. Rxc2 Bxc2 30. Kf1 Bf6 31. Ne2 Bd3 32. Ke1 Bxe2 33.
Kxe2 c3 34. Kd3 c5 35. g4 c4+ 36. Kc2 g5 37. fxg5 hxg5 38. Kc1 Kf8 39. Kd1 Ke7
40. Kc2 Kd6 41. Kd1 Kc5 42. Kc2 Kb4 43. a5 Kxa5 44. Kb1 Kb4 45. Kc2 a5 46. Kc1
Kb3 47. Kb1 c2+ 48. Kc1 Bb2+ 49. Kd2 c1=Q+ 50. Ke2 Bd4 51. Kf3 Qe3# 0-1

[Event "DEM U12 2012"]
[Site "Oberhof GER"]
[Date "2012.05.31"]
[Round "8"]
[White "Cejda, Cecilia"]
[Black "Du, Katharina"]
[Result "0-1"]
[Termination "normal"]
[Board "41"]
[WhiteElo "1330"]
[BlackElo "1275"]
[PlyCount "82"]
[WhiteFideId "12921122"]
[BlackFideId "12945757"]
[EventCountry "GER"]
[EventRounds "11"]
[EventType "swiss"]
[EventDate "2012.05.26"]

1. e4 e5 2. Nf3 Nc6 3. Bc4 Bc5 4. b4 Bxb4 5. c3 Bd6 6. d4 Nf6 7. Nbd2 O-O 8.
O-O h6 9. Bb5 Re8 10. Re1 a6 11. Bxc6 dxc6 12. h3 c5 13. Nc4 cxd4 14. cxd4 Bb4
15. Re2 exd4 16. a3 Bc3 17. Raa2 Nxe4 18. Ncd2 Be6 19. Rc2 Nxd2 20. Rcxd2 Bxd2
21. Rxd2 c5 22. Nh2 Qb6 23. Rb2 Qc6 24. Qh5 Qd5 25. Qh4 Bf5 26. Nf3 Bg6 27. Rb6
d3 28. Bd2 Rac8 29. Qa4 c4 30. Qb4 Be4 31. Qc3 Bxf3 32. gxf3 Qxf3 33. Bxh6 gxh6
34. Rxh6 Re1+ 35. Qxe1 Qe2 36. Qa1 c3 37. Qb1 c2 38. Qxb7 c1=Q+ 39. Kg2 Qg5+
40. Kh1 Qf1+ 41. Kh2 Qfg1# 0-1

[Event "DEM U12 2012"]
[Site "Oberhof GER"]
[Date "2012.05.31"]
[Round "8"]
[White "Möller, Hannah"]
[Black "Lohrmann, Tabea"]
[Result "0-1"]
[Termination "normal"]
[Board "42"]
[WhiteElo "1077"]
[BlackElo "1339"]
[PlyCount "70"]
[WhiteFideId "1270514"]
[BlackFideId "12911941"]
[EventCountry "GER"]
[EventRounds "11"]
[EventType "swiss"]
[EventDate "2012.05.26"]

1. c4 c5 2. Nc3 Nf6 3. g3 d5 4. cxd5 Nxd5 5. Nxd5 Qxd5 6. Nf3 Nc6 7. Bg2 e5 8.
O-O Be7 9. Ng5 Qd6 10. d3 O-O 11. Nf3 Bf5 12. b3 Rad8 13. Bb2 Qe6 14. Qc2 Nd4
15. Nxd4 exd4 16. Bxb7 Bh3 17. Bg2 Qg4 18. Ba3 Rc8 19. Qd2 Bg5 20. e3 Rfe8 21.
Rfe1 Re6 22. f4 Bf6 23. e4 Be7 24. Qa5 a6 25. Rac1 Rec6 26. b4 cxb4 27. Rxc6
Rxc6 28. Bxb4 Rc2 29. Bxe7 Rxg2+ 30. Kh1 h6 31. Qd8+ Kh7 32. Qxd4 Re2 33. Rxe2
Qxe2 34. Qg1 Qf3+ 35. Qg2 Qxg2# 0-1

[Event "DEM U12 2012"]
[Site "Oberhof GER"]
[Date "2012.05.31"]
[Round "8"]
[White "Schröder, Janina"]
[Black "Peters, Theresa"]
[Result "1-0"]
[Termination "normal"]
[Board "43"]
[WhiteElo "1353"]
[BlackElo "1070"]
[PlyCount "119"]
[WhiteFideId "24693138"]
[BlackFideId "12952192"]
[EventCountry "GER"]
[EventRounds "11"]
[EventType "swiss"]
[EventDate "2012.05.26"]

1. e4 c6 2. Nf3 d5 3. Nc3 dxe4 4. Nxe4 Bf5 5. Ng3 Bg6 6. h4 h6 7. Ne5 Bh7 8.
Qh5 g6 9. Qf3 Qd5 10. Qxd5 cxd5 11. Bb5+ Nc6 12. Nxc6 e6 13. Ne5+ Ke7 14. d4 f6
15. Nd7 a6 16. Nxf8 Kxf8 17. Bd3 Ne7 18. h5 g5 19. Bxh7 Rxh7 20. Bd2 Nc6 21.
O-O-O Rc7 22. f4 Kg7 23. fxg5 fxg5 24. Rhe1 Kf7 25. Bc3 Rac8 26. Re2 b5 27. a3
a5 28. Rf1+ Ke7 29. b3 b4 30. axb4 axb4 31. Bb2 Na5 32. Nf5+ Kd7 33. Nxh6 Rh8
34. Rf7+ Kd8 35. Rxc7 Kxc7 36. Rxe6 Rf8 37. Ng4 Rf1+ 38. Kd2 Rg1 39. Re2 Rh1
40. h6 Rh4 41. Nf6 Rxh6 42. Nxd5+ Kc6 43. Nxb4+ Kb5 44. Nd3 Rd6 45. Re5+ Kb6
46. Rxg5 Nc6 47. c4 Rg6 48. Rxg6 Ka5 49. b4+ Nxb4 50. Nxb4 Kxb4 51. d5 Kc5 52.
Ba3+ Kxc4 53. d6 Kb5 54. d7 Ka5 55. d8=Q+ Kb5 56. Qb6+ Kc4 57. Qc5+ Kb3 58.
Rb6+ Ka2 59. Qc2+ Kxa3 60. Qb3# 1-0

[Event "DEM U12 2012"]
[Site "Oberhof GER"]
[Date "2012.05.31"]
[Round "8"]
[White "Torgashov, Katerina"]
[Black "Zimmer, Luca"]
[Result "1-0"]
[Termination "normal"]
[Board "44"]
[WhiteElo "1222"]
[BlackElo "1051"]
[PlyCount "55"]
[WhiteFideId "12938173"]
[BlackFideId "12921424"]
[EventCountry "GER"]
[EventRounds "11"]
[EventType "swiss"]
[EventDate "2012.05.26"]

1. e4 e6 2. d4 d5 3. Nc3 Bb4 4. exd5 exd5 5. Bd3 Nc6 6. Nge2 Bxc3+ 7. bxc3 Nge7
8. O-O Bf5 9. Ng3 Bg6 10. Re1 O-O 11. Ba3 Re8 12. Qf3 Qd7 13. Re3 Bxd3 14. cxd3
g6 15. Rae1 Nf5 16. Nxf5 gxf5 17. Qh5 Kh8 18. Qh6 Re6 19. Rxe6 fxe6 20. Qf6+
Kg8 21. Rxe6 Qf7 22. Qg5+ Qg7 23. Qxf5 Rd8 24. Re3 Kh8 25. Rg3 Re8 26. Kf1 Ne7
27. Qe6 Qf8 28. Qe5+ 1-0

[Event "DEM U12 2012"]
[Site "Oberhof GER"]
[Date "2012.05.31"]
[Round "8"]
[White "Nguyen, Ha Thanh"]
[Black "ter Stal, Esther"]
[Result "1-0"]
[Termination "normal"]
[Board "45"]
[WhiteElo "1199"]
[BlackElo "984"]
[PlyCount "87"]
[WhiteFideId "12942154"]
[BlackFideId "12944467"]
[EventCountry "GER"]
[EventRounds "11"]
[EventType "swiss"]
[EventDate "2012.05.26"]

1. e4 c6 2. d3 d5 3. Nd2 e5 4. Ngf3 Bg4 5. g3 Nd7 6. Bg2 Ngf6 7. O-O Bc5 8. Re1
O-O 9. Qe2 Re8 10. h3 Bh5 11. Nf1 h6 12. g4 Bg6 13. Ng3 Bd6 14. Nd2 Nc5 15. b3
Ne6 16. c3 Nf4 17. Qf1 Bc5 18. Kh2 Qb6 19. f3 Qb5 20. c4 Qb6 21. Rb1 Qa5 22. a4
Qc3 23. Ne2 Nxd3 24. Nxc3 Nxe1 25. Qxe1 d4 26. Ne2 Rad8 27. Ng3 a6 28. Bb2 b5
29. cxb5 axb5 30. axb5 cxb5 31. Bf1 Ra8 32. Bxb5 Rec8 33. Bc4 Bb4 34. Qe2 Rd8
35. Qd3 Nd7 36. Nf5 Nc5 37. Qe2 Ra2 38. Ne7+ Kf8 39. Nc6 Bxd2 40. Qxd2 Rc8 41.
Nxe5 Bh7 42. Qxd4 f6 43. Qd6+ Ke8 44. Bf7# 1-0

[Event "DEM U12 2012"]
[Site "Oberhof GER"]
[Date "2012.05.31"]
[Round "8"]
[White "Schluckner, Paul-Leopold"]
[Black "Schulz, Theresa Charlotte"]
[Result "1/2-1/2"]
[Termination "normal"]
[Board "46"]
[WhiteElo "1110"]
[BlackElo "1011"]
[PlyCount "43"]
[WhiteFideId "12952168"]
[BlackFideId "12952206"]
[EventCountry "GER"]
[EventRounds "11"]
[EventType "swiss"]
[EventDate "2012.05.26"]

1. e4 e5 2. Nf3 Nc6 3. Bc4 Bc5 4. c3 Nf6 5. d3 d6 6. Bb3 Bg4 7. Nbd2 Qd7 8. Nf1
O-O-O 9. Ng3 Nh5 10. h3 Nxg3 11. fxg3 Bh5 12. Qe2 Rhe8 13. Be3 Bxe3 14. Qxe3
Re7 15. O-O-O Kb8 16. Rd2 Na5 17. Kc2 Nxb3 18. axb3 f6 19. Ra1 a6 20. d4 Bf7
21. Ra4 Qb5 22. c4 1/2-1/2

[Event "DEM U12 2012"]
[Site "Oberhof GER"]
[Date "2012.05.31"]
[Round "8"]
[White "Kummer, Birte"]
[Black "Christiansen, Anna"]
[Result "1-0"]
[Termination "normal"]
[Board "47"]
[WhiteElo "963"]
[BlackElo "924"]
[PlyCount "111"]
[WhiteFideId "12952214"]
[BlackFideId "12952230"]
[EventCountry "GER"]
[EventRounds "11"]
[EventType "swiss"]
[EventDate "2012.05.26"]

1. e4 e5 2. Bc4 Nc6 3. Nc3 Nf6 4. d3 Bc5 5. Nf3 d6 6. O-O Be6 7. Bxe6 fxe6 8.
Ng5 Qe7 9. Nb5 O-O-O 10. a3 a6 11. Nc3 d5 12. Be3 d4 13. Na4 dxe3 14. Nxc5 h6
15. Ngxe6 Rd6 16. fxe3 Nd8 17. Nxd8 Rdxd8 18. b4 h5 19. Qf3 Rhf8 20. Qf5+ Nd7
21. Qxh5 Rxf1+ 22. Rxf1 Nxc5 23. bxc5 Qxc5 24. Qg4+ Kb8 25. Qxg7 Qxe3+ 26. Kh1
Qe2 27. Qf6 Ka7 28. Qf2+ Qxf2 29. Rxf2 Rd6 30. h4 Rh6 31. g3 Kb6 32. Rf5 Re6
33. g4 Kc6 34. Kg2 Kd6 35. Kg3 Ke7 36. g5 c5 37. c4 b5 38. h5 b4 39. axb4 cxb4
40. Rf2 b3 41. h6 Rg6 42. Kg4 b2 43. Rxb2 Kf7 44. Rb7+ Kg8 45. h7+ Kh8 46. Kf5
Rg7 47. Rxg7 Kxg7 48. g6 a5 49. c5 a4 50. c6 a3 51. c7 a2 52. h8=Q+ Kxh8 53.
c8=Q+ Kg7 54. Qd7+ Kg8 55. Qf7+ Kh8 56. Qh7# 1-0